| 000 | 00828nam a2200265Ia 4500 | ||
|---|---|---|---|
| 003 | OSt | ||
| 005 | 20220918171500.0 | ||
| 006 | a|||||r|||| 00| 0 | ||
| 007 | ta | ||
| 008 | 220917b |||||||| |||| 00| 0 eng d | ||
| 020 |
_a9781844073115 (hbk) _c995 |
||
| 024 | _a234,580 | ||
| 037 |
_b7462, 18/03/2008, Elite Publishers Distributors _cTextual |
||
| 040 |
_aARTS _cARTS _beng |
||
| 041 |
_2eng _aeng |
||
| 082 | _aU47:(H4), P7 | ||
| 100 |
_aCutter Susan L. _936881 |
||
| 245 | 0 | _aHazards, vulnerability and environmental justice | |
| 260 |
_aLondon _bEarthscan UK _c2007 |
||
| 300 |
_axxviii,418p. _ccm. |
||
| 490 | _aRisk, society and policy | ||
| 650 | _aGEOGRAPHY | ||
| 942 |
_hU47:(H4), P7 _cTEXL _2CC |
||
| 999 |
_c139772 _d139772 |
||